Traité de la possession en droit romain (Registro nro. 167703)

Detalles MARC
000 -ENCABEZADO
Número de control [NR] 02360cam a2200289 a 4500
008 - DE LONGITUD FIJA DE DATOS DE ELEMENTOS - INFORMACIÓN GENERAL
Elementos de longitud fija [NR] 970922s1879 fr er|||| 000 0 MUL d
040 ## - FUENTE DE CATALOGACION [NR]
Agencia de catalogación original [NR] SpMaBN
Idioma de catalogación [NR] spa
Quien Cataloga Sandra Yazo (modificó)
Quien Clasifica Sandra Yazo (modificó)
041 1# - CODIGO DE IDIOMA [R]
Código de idioma para texto/pista de sonido o título separado [R] Francés
041 1# - CODIGO DE IDIOMA [R]
Código de idioma para texto/pista de sonido o título separado [R] Latín
082 04 - NUMERO DE CLASIFICACION DECIMAL DEWEY [R]
Número de la edición [NR] 20
Número de clasificación [R] 340.54
092 ## - SIGNATURA TOPOGRAFICA LOCAL
Número de clasificación local E27N026
100 1# - ASIENTO PRINCIPAL--NOMBRE PERSONAL [NR]
Nombre personal [NR] Savigny, Friedrich Karl von,
Fechas asociadas con el nombre [NR] 1779-1861
ID Autoridad 39152
242 00 - TRADUCCION DEL TITULO POR LA AGENCIA CATALOGADORA [R]
Título [NR] Tratado sobre la posesión según el Derecho Romano
Mención de responsabilidad, etc. [NR] Traducido del alemán por Enrique Staedler, a partir de la séptima edición original, publicada según las notas del autor. Con un Apéndice, sobre la situación actual de dicho tema por Adolfus Fridericus Rudorff
245 10 - MENCION DE TITULO [NR]
Título [NR] Traité de la possession en droit romain
Mención de responsabilidad, etc. [NR] par Fredéric Charles de Savigny ; Traduit de l’allemand par Henri Staedler … sur la septième édition originale publiée d’après les notes laissées par l’auteur et augmentée d’un appendice sur l’état actuel de la doctrine par M Ad. Fr- Rudorff
260 ## - PUBLICACION, DISTRIBUCION, ETC. (PIE DE IMPRENTA) [R]
Lugar de publicación, distribución, etc. [R] Paris
Nombre del editor, distribuidor, etc. [R] A. Durand y Pedone-Lauriel, Editores
Fecha de publicación, distribución, etc. [R] 1879
300 ## - DESCRIPCION FISICA [R]
Extensión [R] xxxvi, 766 p.
Dimensiones [R] 21 x 14 cm
500 ## - NOTA GENERAL [R]
Nota general [NR] Detalles físicos: Encuadernación rígida (holandesa) en cartón duro, forrado con papel. Lomo en cuero, con repujados y nervaduras sobre costuras; letras y motivos decorativos en dorado. Guardas. Anteportada. Portada impresa en una sola tinta con diversos tipos de letras. Texto impreso en una sola columna sobre papel de calidad, notas de pie de página, impresas en caracteres más pequeños. Márgenes muy amplios. Guarda posterior. Algunas hojas desprendidas
505 0# - NOTA DE CONTENIDO CON FORMATO PREESTABLECIDO [R]
Nota de contenido con formato preestablecido [NR] Sección 1: La noción de posesión. ; Sección 2: Adquisición de la posesión. ; Sección 3: La pérdida de la posesión. ; Sección 4: Los interdictos. ; Sección 5: La cuasi-posesión de derecho. ; Sección 6: Modificaciones que se hicieron al Derecho romano. ; Apéndice sobre el estado actual de la doctrina sobre la posesión.
506 ## - NOTA DE RESTRICCIONES DE ACCESO [R]
Condiciones de acceso [NR] Consulta e sala
546 ## - NOTA DE IDIOMA [R]
Nota de idioma [NR] Texto en latín y francés
650 #7 - ASIENTO SECUNDARIO DE MATERIA - TERMINO TEMATICO [R]
Término temático o nombre geográfico como elemento de entrada [NR] Posesión (Derecho romano)
9 (RLIN) 22099
690 ## - ASUNTO AGREGADO LOCAL DE ENTRADA - TÉRMINO TEMÁTICO (OCLC, RLIN)
Acceso temático local Derecho
700 1# - ASIENTO SECUNDARIO - NOMBRE PERSONAL [R]
Nombre personal [NR] Rudorff, Adolfus Fridericus
9 (RLIN) 39235
700 1# - ASIENTO SECUNDARIO - NOMBRE PERSONAL [R]
Nombre personal [NR] Staedler, Henri
Término de relación [R] traductor
9 (RLIN) 39236
856 41 - LOCALIZACION Y ACCESO ELECTRONICOS [R]
Identificador Uniforme del Recurso (“URI”) [R] <a href="http://bibliotecadigitalhispanica.bne.es:80/webclient/DeliveryManager?pid=3474170&custom_att_2=simple_viewer">http://bibliotecadigitalhispanica.bne.es:80/webclient/DeliveryManager?pid=3474170&custom_att_2=simple_viewer</a>
Nota dirigida al público [R] Disponible en línea edición de 1845
942 ## - ELEMENTOS DE ENTRADA AGREGADOS (KOHA)
Tipo de ítem principal el descrito en 300a Libro
Edición 1
Sistema de clasificación DEWEY
Clasificación 340.54
Existencias
Suprimido Perdido Sistema de clasificación Dañado No prestable Tipo de ítem específico Ubicación habitual Ubicación actual Localización Fecha de creación Forma de adquisición Costo Total préstamos Signatura topográfica Código de barras Última vez visto Ejemplar Price effective from Tipo de ítem
    LOCAL     Libro archivo Archivo Histórico Archivo Histórico Archivo histórico 14/06/2013 Donación 0.00   E27N026 L003893 14/06/2013 Ej.1 14/06/2013 Libro